000 01530nam a22004097a 4500
001 000102697
003 CHAP
005 20220329143613.0
008 100827s2010 mx r 00010 spa d
010 _a99160
011 _a100132
035 _a110818
040 _cCHAP
090 _aTesis
100 1 _aTorres Reyna, Juan Carlos
_9114213
245 1 0 _aArquitectura y etnobotánica de la vivienda rural XI'IUY en la Palma, San Luis Potosí /
_c/por Juan Carlos Torres Reyna.
260 _aChapingo, Méx. :
_bEl autor,
_c2010.
300 _a227 h. :
_bilus., gráfs.
502 _aTesis (M.C. en Ciencias Ambientales) -- UASLP. Facultades de Ciencias Químicas, Ingeniería y Medicina
590 _aALEPH
_b10
_c20130110
_lUCH01
_h1535
590 _aBATCH-UPD
_b10
_c20130110
_lUCH01
_h1159
590 _aBATCH-UPD
_b10
_c20130410
_lUCH01
_h0741
590 _aBATCH-UPD
_b10
_c20130914
_lUCH01
_h1025
590 _aBATCH-UPD
_b10
_c20140324
_lUCH01
_h1519
590 _aBATCH-UPD
_b10
_c20141002
_lUCH01
_h0844
590 _aCONVERSION
_b10
_c20130109
_lUCH01
_h1355
590 _aE12093SGE
_b10
_c20130718
_lUCH01
_h1007
650 1 4 _aComunidades rurales.
_926254
650 1 4 _aConstrucciones rurales.
_927378
650 1 4 _aEtnobotánica
_xSan Luis Potosí.
_938635
650 1 4 _aVivienda rural
_xSan Luis Potosí.
_9120185
856 _3Finding aid
_uhttp://10.13.5.2/tesis/110818.pdf
_zTeclea aquí
901 _aBK
942 _cTESIS
942 _n0
949 _aTesis
_bBC
_cTES
_d33724002217454
_eTS1
_gDonaciØn
_h51012
_i110818
_sb
999 _c99160
_d99160